[Event "Schleswig Holstein-ch U16 VM"]
[Site "Neumuenster"]
[Date "2008.03.26"]
[Round "4"]
[White "Martens, Jan Malte"]
[Black "Mundhenk, Jonas"]
[Result "0-1"]
[WhiteElo "810"]
[BlackElo "1386"]
[PlyCount "66"]
[EventDate "2008.03.24"]
[EventType "swiss"]
[EventRounds "9"]
[EventCountry "GER"]
[SourceTitle "EXT 2009"]
[Source "ChessBase"]
[SourceDate "2008.11.26"]
[SourceVersion "1"]
[SourceVersionDate "2008.11.26"]
[SourceQuality "1"]

1. e4 c6 2. Nf3 d5 3. exd5 cxd5 4. d4 Nc6 5. Bf4 Bf5 6. Nc3 a6 7. Bd3 Bxd3 8. Qxd3 e6 9. a3 Bd6 10. Bxd6 Qxd6 11. 0-0-0 Nf6 12. Qe3 h6 13. Ne5 b5 14. Qg3 0-0 15. Nxc6 Qxc6 16. Qe5 a5 17. f4 Rac8 18. Rd2 b4 19. axb4 axb4 20. Nb1 Ne4 21. Re2 Rc7 22. b3 Rfc8 23. Kd1 f6 24. Qh5 Nc3+ 25. Nxc3 Qxc3 26. Rxe6 Qxc2+ 27. Ke1 Qc1+ 28. Kf2 Qxf4+ 29. Qf3 Rc2+ 30. Re2 Qxd4+ 31. Qe3 Rxe2+ 32. Kxe2 Qb2+ 33. Kf3 Rc3 0-1